Jugadores con Más Partidos y Goles en La Liga: Castilla y León - Estadísticas

Estadísticas generales
  • Esta prueba ha sido intentada 17 veces
  • La puntuación promedio es 2 de 20
Estadísticas de respuestas
Hint Respuesta % Correcto
33 Mata
38%
254 Del Bosque
31%
543 Eusebio
31%
36 Eusebio
31%
353 César
23%
221 César
23%
334 Baraja
8%
47 Baraja
8%
102 Mariano Martín
8%
308 Sergio Asenjo
8%
218 Escudero
0%
54 Iglesias
0%
546 Loren
0%
64 Loren
0%
346 Miñambres
0%
41 Miñambres
0%
358 Patxi Ferreira
0%
54 Pereda
0%
92 Pruden
0%
217 Rivilla
0%
No se encontraron pruebas coincidentes
Distribución de puntuación
Porcentaje de gente con cada puntuación
Porcentaje por número respondido
Historial de tus puntuaciones
No has intentado esta prueba.